00673nam a2200145Ia 450000500170000000800410001702000150005808200130007310000260008624500330011225000270014526000370017230000120020950003060022120240814060554.0240331s9999 xx 000 0 und d a0002071088 bSPEa407 aSpence, D.H. Pant,H.C 0aGuided composition exercises aRevised Indian Edition aMadrasbOrient Longman Ltdc1973 a58 p ., aThis book aims to lead students at about Indian certificate of secondary Education or an equivalent level by gradual stages, from the mere imitation of selected sentences patterns to the independent construction of sentences within a given framework and aims to give students practice in composition.